000
00262nam a22000977a 4500
999
_c
531458
_d
531458
082
_a
620.136
_b
MEH
100
_a
Metha, Kumar P.
245
_a
Concrete structure properties & Materials /
942
_2
ddc
_c
BK